Typing ABC's in 15 Seconds - Statistics

General Stats
  • This quiz has been taken 296 times
  • The average score is 23 of 26
Answer Stats
Hint Answer % Correct
:) A
100%
:) D
97%
:) E
97%
:) B
96%
:) C
96%
:) F
95%
:) G
95%
:) H
94%
:) I
94%
:) J
90%
:) K
90%
:) M
90%
:) R
90%
:) L
89%
:) T
89%
:) N
88%
:) O
88%
:) P
88%
:) Q
87%
:) S
87%
:) U
85%
:) W
83%
:) V
82%
:) Y
82%
:) X
81%
:) Z
78%
No matching quizzes found
Score Distribution
Percent of People with Each Score
Percentile by Number Answered
Your Score History
You have not taken this quiz